| Поле | Инд. | ПП | Название | Значение |
|---|---|---|---|---|
| Тип записи | a | |||
| Библиографический уровень | m | |||
| 001 | Контрольный номер | 306c851c-549e-42a0-abd9-55a4559a9efa | ||
| 005 | Дата корректировки | 20140227033303.4 | ||
| 008 | Кодируемые данные | 050211 | ||
| 040 | a | Служба первич. каталог. | НБ ТвГУ | |
| 041 | a | Код языка текста | rus | |
| 084 | a | Индекс другой классификации/Индекс ББК | В12 | |
| 090 | x | Авторский знак | Л69 | |
| a | Полочн. индекс | В12 | ||
| 245 | 10 | a | Заглавие | Логические методы построения эффективных алгоритмов |
| b | Продолж. заглавия | межвед. темат. сб. науч. тр. | ||
| c | Ответственность | М-во высш. и сред. спец. образования РСФСР, Калинин. гос. ун-т ; [редкол.: М. И. Канович (отв. ред.) и др.] | ||
| 260 | 0_ | a | Место издания | Калинин |
| b | Издательство | КГУ | ||
| c | Дата издания | 1986 | ||
| 300 | a | Объем | 137, [2] с. | |
| b | Иллюстрации/ тип воспроизводства | ил. | ||
| 504 | a | Библиография | Библиогр. в конце ст. | |
| 650 | a | Основная рубрика | Алгоритмы | |
| x | Основная подрубрика | Построение | ||
| 653 | a | Ключевые слова | Алгоритмы | |
| a | Ключевые слова | Построение алгоритмов | ||
| 700 | 1_ | a | Другие авторы | Канович Марк Иосифович |
| e | Роль лиц | отв. ред. | ||
| 852 | t | Порядковый номер экземпляра | 8 | |
| q | Физ. особенности экз. | к | ||
| p | Инвентарный номер | 565151 | ||
| p | Инвентарный номер | 565152 | ||
| p | Инвентарный номер | 565153 | ||
| p | Инвентарный номер | 565154 | ||
| p | Инвентарный номер | 565155 | ||
| p | Инвентарный номер | 565157 | ||
| p | Инвентарный номер | 565158 | ||
| p | Инвентарный номер | 565160 | ||
| 852 | t | Порядковый номер экземпляра | 2 | |
| p | Инвентарный номер | 565156 | ||
| p | Инвентарный номер | 565159 | ||
| 863 | t | 00031069 | ||
| 863 | t | 00031066 | ||
| 863 | t | 00031067 | ||
| 863 | t | 00029815 | ||
| 863 | t | 00029812 | ||
| 863 | t | 00029813 | ||
| 863 | t | 00029810 | ||
| 863 | t | 00029811 | ||
| 954 | a | Дата поступления на обработку | 20051223 | |
| 999 | a | Подразделение 2 | Фил3 | |
| a | Подразделение 2 | кх. |